Población y ambiente /
Este volumen se compone de dos partes independientes en apariencia pero relacionadas entre sí. La primera se refiere a los aspectos demográficos de México. Se reflexiona sobre el impacto negativo del crecimiento demográfico en el desarrollo nacional pues éste no ha sido superado por el desarrollo ed...
Guardat en:
| Autor principal: | |
|---|---|
| Format: | Llibre |
| Idioma: | espanyol |
| Publicat: |
México :
UNAM, Escuela Nacional de Trabajo Social,
2002, c2002
|
| Matèries: | |
| Etiquetes: |
Sense etiquetes, Sigues el primer a etiquetar aquest registre!
|
MARC
| LEADER | 00000nam^a2200000^a^4500 | ||
|---|---|---|---|
| 001 | 000149046 | ||
| 005 | 20250521000000.0 | ||
| 009 | 20260310100046.483 | ||
| 020 | |a 968-36-5893-8 | ||
| 037 | |a Acervo ITESO - Biblioteca | ||
| 041 | |a ESP | ||
| 082 | |a 304. 2 |b SAN | ||
| 100 | |a Sánchez Rosado, Manuel |e (autor) | ||
| 245 | 1 | 0 | |a Población y ambiente / |c M. Sánchez Rosado. |
| 264 | 4 | |a México : |b UNAM, Escuela Nacional de Trabajo Social, |c 2002, c2002 | |
| 300 | |a 207 p. | ||
| 336 | |a texto |b txt |2 rdacontenido | ||
| 337 | |a sin mediación |b n |2 rdamedio | ||
| 338 | |a volumen |b nc |2 rdasoporte | ||
| 520 | |a Este volumen se compone de dos partes independientes en apariencia pero relacionadas entre sí. La primera se refiere a los aspectos demográficos de México. Se reflexiona sobre el impacto negativo del crecimiento demográfico en el desarrollo nacional pues éste no ha sido superado por el desarrollo educativo, tecnológico ni económico, por lo que la población siempre va a la zaga en la satisfacción de sus necesidades colectivas. La parte dos se refiere a la ecología; la interacción de los recursos naturales y la población y el problema que se vive en los países subdesarrollados en cuanto al deterioro ambiental, el consumismo y la contaminación. | ||
| 649 | |a XX | ||
| 650 | |a Población - |z México | ||
| 650 | |a Demografía - |z México | ||
| 650 | |a Natalidad - |z México | ||
| 650 | |a Mortalidad - |z México | ||
| 650 | |a Población Económicamente Activa - |z México | ||
| 650 | |a Migración - |z México | ||
| 650 | |a Anticonceptivos - |z México | ||
| 650 | |a Planificación Familiar - |z México | ||
| 650 | |a Calidad de Vida | ||
| 650 | |a Desarrollo Económico-Social | ||
| 650 | |a Desarrollo Económico-Social | ||
| 650 | |a Trabajo Social - |z México - |x Prácticas Profesionales | ||
| 650 | |a Medio Ambiente | ||
| 650 | |a Desarrollo Urbano | ||
| 650 | |a Ecología Social | ||
| 650 | |a Impacto Ambiental | ||
| 650 | |a Recursos Naturales | ||
| 650 | |a Contaminación Ambiental | ||
| 650 | |a Desarrollo Sustentable | ||
| 650 | |a Conservación y Protección Ambiental - |z México | ||
| 650 | |a Política Ambiental - |z México | ||
| 650 | |a Movimientos Ecologistas - |z México | ||
| 650 | |a Movimientos Sociales - |z México | ||
| 650 | |a Ecosistemas - |z México | ||
| 910 | |a Fondo General | ||
| 920 | |a Impresos - Libros | ||
| 930 | |a Colección General | ||
| 905 | |a 101 | ||
| 901 | |a 0500078646 |b IT1 |c ACC |u 20250521 | ||
| 902 | |a https://opac.biblio.iteso.mx/vufind/Record/000149046 | ||